Διδακτικός σχεδιασμός με θέμα "άντληση υδάτων" στο τμήμα των <<Θερμικών και Υδραυλικών Εγκαταστάσεων>> των επαγγελματικών σχολών (ΕΠΑ.Σ) του Ο.Α.Ε.Δ. : μεταπτυχιακή διπλωματική εργασία
Saved in:
| Main Author: | |
|---|---|
| Corporate Author: | |
| Other Authors: | |
| Format: | Thesis Book |
| Language: | Greek |
| Published: |
2010
|
| Subjects: | |
| Online Access: | http://hdl.handle.net/11610/15716 |
| Tags: |
Add Tag
No Tags, Be the first to tag this record!
|
MARC
| LEADER | 00000cam a2200000 i 4500 | ||
|---|---|---|---|
| 001 | 1/9603 | ||
| 008 | 100720s2010 gre d | ||
| 035 | |l 10108704 | ||
| 040 | |a GR-MY-UA |b gre |e aacr | ||
| 041 | 0 | |a gre | |
| 082 | 0 | |a 363.7071 |2 (22) | |
| 100 | 1 | |a Γρηγοριάδης, Σωτήρης. | |
| 245 | 1 | 0 | |a Διδακτικός σχεδιασμός με θέμα "άντληση υδάτων" στο τμήμα των <<Θερμικών και Υδραυλικών Εγκαταστάσεων>> των επαγγελματικών σχολών (ΕΠΑ.Σ) του Ο.Α.Ε.Δ. : |b μεταπτυχιακή διπλωματική εργασία / |c Σωτήρης Γρηγοριάδης ; επιβλέπων: Εμμανουήλ Κόνσολας |
| 260 | |c 2010 | ||
| 300 | |a 103 σ.; |c 30 εκ. | ||
| 500 | |a Μέλη εξεταστικής επιτροπής: Σταμάτης Παναγιώτης, Ζαχαρίου Αραβέλλα | ||
| 502 | |a Διατριβή (μεταπτυχιακή) – Πανεπιστήμιο Αιγαίου, Ρόδος, 2010. | ||
| 504 | |a Βιβλιογραφία: σ. 76-79 | ||
| 650 | 0 | 0 | |a Educational planning |z Greece. |
| 650 | 0 | 0 | |a Environmental education |z Greece. |
| 650 | 0 | 0 | |a Environmental education |x Case studies. |
| 650 | 0 | 0 | |a Environmental degradation |z Greece. |
| 650 | 0 | 0 | |a Dissertations, Academic |z Greece. |
| 700 | 1 | |a Κόνσολας, Εμμανουήλ. |4 ths | |
| 710 | 2 | |a Πανεπιστήμιο Αιγαίου |b Σχολή Ανθρωπιστικών Επιστημών |b Τμήμα Επιστημών της Προσχολικής Αγωγής και του Εκπαιδευτικού Σχεδιασμού |b Πρόγραμμα Μεταπτυχιακών Σπουδών Περιβαλλοντική Εκπαίδευση. | |
| 852 | |a INST |b RHODES |c DIATR |e 20101004 |h 363.7071 ΓΡΗ |p 005400032859 |q 005400032859 |t MTXE |y 23 | ||
| 852 | |a INST |b RHODES |c DIATR |e 20101004 |h 363.7071 ΓΡΗ |p 005400032860 |q 005400032860 |t MTXE |y 23 | ||
| 856 | |u http://hdl.handle.net/11610/15716 | ||
| 901 | |a BIBL4-2010-2 | ||
| 909 | |a Ρ |b 163330 | ||
| 909 | |a Ρ |b 163331 | ||
| 924 | |a ΓΡΗΓΟΡΙΑΔΗΣ |b ΣΩΤΗΡΗΣ |y ΡΟΔΟΣ |z 2010-04 | ||
| 970 | |a ΚΟΖΑ |b ΜΑΡΙΑ |z 2010/07/20 | ||